[Event "WJCC U20 Open 2019"]
[Site "New Delhi"]
[Date "2019.10.17"]
[Round "3.41"]
[White "Lama, Milan"]
[Black "Vykouk, Jan"]
[Result "0-1"]
[WhiteElo "1976"]
[BlackElo "2468"]
[Annotator "ChessBase"]
[PlyCount "74"]
[EventDate "2019.10.15"]
[EventType "swiss"]
[EventCountry "IND"]
[SourceTitle "playchess.com"]
[Source "ChessBase"]
[SourceQuality "1"]
[TimeControl "40/5400+30:1800+30"]

1. e4 {[%emt 0:00:00]} d6 {[%emt 0:00:04]} 2. d4 {[%emt 0:00:23]} Nf6 {[%emt 0:00:07]} 3. Nc3 {[%emt 0:00:06]} Nbd7 {[%emt 0:01:20]} 4. Nf3 {[%emt 0:01:05]} e5 {[%emt 0:00:14]} 5. Be2 {[%emt 0:04:56]} Be7 {[%emt 0:00:11]} 6. O-O {[%emt 0:02:30]} O-O {[%emt 0:00:10]} 7. h3 {[%emt 0:01:05]} c6 {[%emt 0:00:08]} 8. Be3 {[%emt 0:00:50]} b5 {[%emt 0:01:41]} 9. a4 {[%emt 0:10:57]} b4 {[%emt 0:00:13]} 10. Na2 {[%emt 0:00:23]} a5 {[%emt 0:01:13]} 11. c3 {[%emt 0:03:23]} c5 {[%emt 0:05:06]} 12. Bb5 {[%emt 0:06:47]} Bb7 {[%emt 0:00:49]} 13. dxe5 {[%emt 0:05:03]} Nxe4 {[%emt 0:04:15]} 14. exd6 {[%emt 0:06:10]} Bxd6 {[%emt 0:00:12]} 15. cxb4 {[%emt 0:06:59]} cxb4 {[%emt 0:01:38]} 16. Qe2 {[%emt 0:03:12]} Ne5 {[%emt 0:03:15]} 17. Nxe5 {[%emt 0:07:35]} Bxe5 {[%emt 0:00:06]} 18. Nc1 {[%emt 0:03:01]} Qf6 {[%emt 0:04:47]} 19. Nd3 {[%emt 0:01:10]} Bd6 {[%emt 0:00:06]} 20. Rfd1 {[%emt 0:03:20]} Rac8 {[%emt 0:01:34]} 21. Rac1 {[%emt 0:02:34]} Bb8 {[%emt 0:04:45]} 22. Ne1 {[%emt 0:05:14]} Rxc1 {[%emt 0:04:15]} 23. Bxc1 {[%emt 0:02:22]} Ng5 {[%emt 0:14:31]} 24. Qg4 {[%emt 0:06:37]} Ne6 {[%emt 0:00:06]} 25. Nf3 {[%emt 0:02:21]} Rd8 {[%emt 0:01:34]} 26. Re1 {[%emt 0:03:02]} h6 {[%emt 0:04:07]} 27. Qh4 {[%emt 0:05:32]} Qxh4 {[%emt 0:02:59]} 28. Nxh4 {[%emt 0:00:07]} Nd4 {[%emt 0:01:00]} 29. Bd2 {[%emt 0:03:32]} Nxb5 {[%emt 0:03:23]} 30. axb5 {[%emt 0:00:09]} a4 {[%emt 0:00:55]} 31. Nf3 {[%emt 0:02:38]} a3 {[%emt 0:01:37]} 32. bxa3 {[%emt 0:00:25]} bxa3 {[%emt 0:00:11]} 33. Ra1 {[%emt 0:01:41]} a2 {[%emt 0:03:48]} 34. Kf1 {[%emt 0:00:42]} Bd5 {[%emt 0:00:14]} 35. b6 {[%emt 0:00:41]} f6 {[%emt 0:07:41]} 36. Ke2 {[%emt 0:00:33]} Bc4+ {[%emt 0:00:51]} 37. Ke1 {[%emt 0:00:14]} Bd6 {[%emt 0:00:45]} 0-1

[Event "WJCC U20 Open 2019"]
[Site "New Delhi"]
[Date "2019.10.17"]
[Round "3.42"]
[White "Raahul V S"]
[Black "Maltezeanu, Stefan"]
[Result "0-1"]
[WhiteElo "2262"]
[BlackElo "2102"]
[Annotator "ChessBase"]
[PlyCount "82"]
[EventDate "2019.10.15"]
[EventType "swiss"]
[EventCountry "IND"]
[SourceTitle "playchess.com"]
[Source "ChessBase"]
[SourceQuality "1"]
[TimeControl "40/5400+30:1800+30"]

1. c4 {[%emt 0:00:52]} e5 {[%emt 0:01:51]} 2. g3 {[%emt 0:00:21]} Nf6 {[%emt 0:00:13]} 3. Bg2 {[%emt 0:00:07]} d5 {[%emt 0:00:25]} 4. cxd5 {[%emt 0:00:10]} Nxd5 {[%emt 0:00:14]} 5. Nc3 {[%emt 0:00:02]} Nb6 {[%emt 0:00:08]} 6. Nf3 {[%emt 0:00:18]} Nc6 {[%emt 0:00:05]} 7. O-O {[%emt 0:00:35]} Be7 {[%emt 0:00:12]} 8. Rb1 {[%emt 0:01:07]} Be6 {[%emt 0:00:15]} 9. b4 {[%emt 0:00:54]} e4 {[%emt 0:02:51]} 10. Nxe4 {[%emt 0:00:28]} Bxa2 {[%emt 0:01:24]} 11. Ra1 {[%emt 0:00:29]} Bd5 {[%emt 0:04:52]} 12. Nc5 {[%emt 0:02:07]} Nxb4 {[%emt 0:04:19]} 13. d4 {[%emt 0:00:09]} O-O {[%emt 0:12:52]} 14. Ba3 {[%emt 0:03:32]} a5 {[%emt 0:01:10]} 15. Re1 {[%emt 0:07:24]} Nc4 {[%emt 0:06:31]} 16. Bxb4 {[%emt 0:02:18]} axb4 {[%emt 0:00:10]} 17. Rb1 {[%emt 0:00:05]} Na3 {[%emt 0:11:09]} 18. Rb2 {[%emt 0:00:22]} b6 {[%emt 0:01:49]} 19. e4 {[%emt 0:02:18]} bxc5 {[%emt 0:14:52]} 20. exd5 {[%emt 0:00:02]} c4 {[%emt 0:00:10]} 21. Ne5 {[%emt 0:00:50]} c3 {[%emt 0:00:14]} 22. Rb3 {[%emt 0:00:39]} c2 {[%emt 0:06:04]} 23. Qd3 {[%emt 0:02:05]} Bd6 {[%emt 0:03:46]} 24. Nc6 {[%emt 0:03:04]} Qg5 {[%emt 0:02:31]} 25. f4 {[%emt 0:03:38]} Rfe8 {[%emt 0:09:26]} 26. Rc1 {[%emt 0:02:07]} Qg6 {[%emt 0:03:28]} 27. Qxg6 {[%emt 0:00:50]} hxg6 {[%emt 0:00:17]} 28. Bf1 {[%emt 0:00:03]} Kh7 {[%emt 0:06:44]} 29. Bd3 {[%emt 0:00:48]} Kh6 {[%emt 0:00:34]} 30. Kf2 {[%emt 0:03:02]} f6 {[%emt 0:02:15]} 31. h4 {[%emt 0:01:47]} f5 {[%emt 0:02:19]} 32. Ne5 {[%emt 0:03:12]} Ra5 {[%emt 0:01:02]} 33. Nf7+ {[%emt 0:00:36]} Kh7 {[%emt 0:00:14]} 34. Nxd6 {[%emt 0:00:20]} cxd6 {[%emt 0:00:04]} 35. Rxb4 {[%emt 0:00:37]} Rea8 {[%emt 0:02:08]} 36. h5 {[%emt 0:01:52]} Ra4 {[%emt 0:00:37]} 37. Rb7 {[%emt 0:07:53]} Rxd4 {[%emt 0:00:09]} 38. Ke3 {[%emt 0:00:02]} Rxd5 {[%emt 0:00:29]} 39. h6 {[%emt 0:00:12]} Re8+ {[%emt 0:00:36]} 40. Kd2 {[%emt 0:00:06]} Nc4+ {[%emt 0:00:56]} 41. Kxc2 {[%emt 0:34:46]} Rc8 {[%emt 0:04:39]} 0-1

[Event "WJCC U20 Open 2019"]
[Site "New Delhi"]
[Date "2019.10.17"]
[Round "3.43"]
[White "Tifferet, Shaked"]
[Black "Licheli, Luka"]
[Result "1-0"]
[WhiteElo "2224"]
[BlackElo "2010"]
[Annotator "ChessBase"]
[PlyCount "51"]
[EventDate "2019.10.15"]
[EventType "swiss"]
[EventCountry "IND"]
[SourceTitle "playchess.com"]
[Source "ChessBase"]
[SourceQuality "1"]
[TimeControl "40/5400+30:1800+30"]

1. e4 {[%emt 0:00:00]} c6 {[%emt 0:00:51]} 2. Nc3 {[%emt 0:00:10]} d5 {[%emt 0:01:58]} 3. Nf3 {[%emt 0:00:11]} Bg4 {[%emt 0:00:45]} 4. h3 {[%emt 0:00:07]} Bxf3 {[%emt 0:00:07]} 5. Qxf3 {[%emt 0:00:06]} e6 {[%emt 0:00:05]} 6. Be2 {[%emt 0:00:32]} g6 {[%emt 0:01:22]} 7. d4 {[%emt 0:00:50]} Bg7 {[%emt 0:17:52]} 8. Be3 {[%emt 0:00:30]} Ne7 {[%emt 0:13:16]} 9. O-O-O {[%emt 0:00:14]} Nd7 {[%emt 0:07:29]} 10. g4 {[%emt 0:00:06]} b5 {[%emt 0:13:54]} 11. exd5 {[%emt 0:00:59]} exd5 {[%emt 0:12:00]} 12. Bd3 {[%emt 0:05:02]} Qa5 {[%emt 0:12:15]} 13. Kb1 {[%emt 0:00:02]} b4 {[%emt 0:02:07]} 14. Ne2 {[%emt 0:00:06]} Rf8 {[%emt 0:08:54]} 15. Bg5 {[%emt 0:03:58]} h6 {[%emt 0:01:23]} 16. Bh4 {[%emt 0:01:28]} g5 {[%emt 0:01:41]} 17. Bg3 {[%emt 0:00:05]} O-O-O {[%emt 0:00:46]} 18. Bd6 {[%emt 0:00:17]} Rde8 {[%emt 0:01:04]} 19. Nc1 {[%emt 0:06:47]} Qb6 {[%emt 0:00:36]} 20. Nb3 {[%emt 0:00:24]} Nf6 {[%emt 0:00:54]} 21. Nc5 {[%emt 0:03:32]} Ng6 {[%emt 0:00:34]} 22. Qf5+ {[%emt 0:01:14]} Kd8 {[%emt 0:00:22]} 23. Ba6 {[%emt 0:00:22]} Ne7 {[%emt 0:00:40]} 24. Bxe7+ {[%emt 0:01:58]} Kxe7 {[%emt 0:00:01]} 25. Qe5+ {[%emt 0:00:08]} Kd8 {[%emt 0:00:26]} 26. Qd6+ {[%emt 0:00:05] Ng8} 1-0

[Event "WJCC U20 Open 2019"]
[Site "New Delhi"]
[Date "2019.10.17"]
[Round "3.44"]
[White "Zrikem, Nassim"]
[Black "Donoso Diaz, Sebastian"]
[Result "0-1"]
[WhiteElo "2125"]
[BlackElo "2203"]
[Annotator "ChessBase"]
[PlyCount "73"]
[EventDate "2019.10.15"]
[EventType "swiss"]
[EventCountry "IND"]
[SourceTitle "playchess.com"]
[Source "ChessBase"]
[SourceQuality "1"]
[TimeControl "40/5400+30:1800+30"]

1. d4 {[%emt 0:00:00]} d5 {[%emt 0:00:00]} 2. Nf3 {[%emt 0:00:00]} Nf6 {[%emt 0:00:02]} 3. e3 {[%emt 0:00:00]} e6 {[%emt 0:00:29]} 4. Bd3 {[%emt 0:00:09]} c5 {[%emt 0:00:25]} 5. Nbd2 {[%emt 0:00:13]} Nc6 {[%emt 0:00:18]} 6. c3 {[%emt 0:00:06]} Bd6 {[%emt 0:00:26]} 7. O-O {[%emt 0:00:12]} O-O {[%emt 0:00:15]} 8. dxc5 {[%emt 0:00:06]} Bxc5 {[%emt 0:00:06]} 9. e4 {[%emt 0:00:04]} Qc7 {[%emt 0:01:16]} 10. Qe2 {[%emt 0:00:20]} h6 {[%emt 0:02:44]} 11. Bc2 {[%emt 0:04:05]} Bb6 {[%emt 0:07:35]} 12. exd5 {[%emt 0:09:00]} exd5 {[%emt 0:01:03]} 13. Nb3 {[%emt 0:03:06]} Re8 {[%emt 0:27:10]} 14. Qd3 {[%emt 0:04:44]} Bg4 {[%emt 0:01:06]} 15. Nfd4 {[%emt 0:05:41]} Rac8 {[%emt 0:16:11]} 16. Bd1 {[%emt 0:32:28]} Ne5 {[%emt 0:10:58]} 17. Qc2 {[%emt 0:05:36]} Nc4 {[%emt 0:03:05]} 18. h3 {[%emt 0:10:27]} Bd7 {[%emt 0:00:25]} 19. Bf3 {[%emt 0:04:20]} Qe5 {[%emt 0:00:38]} 20. Bd2 {[%emt 0:13:15]} Nxd2 {[%emt 0:01:12]} 21. Qxd2 {[%emt 0:00:23]} Bc7 {[%emt 0:00:08]} 22. g3 {[%emt 0:00:14]} Bxh3 {[%emt 0:00:06]} 23. Rfe1 {[%emt 0:00:11]} Ne4 {[%emt 0:00:52]} 24. Qe2 {[%emt 0:03:14]} Qg5 {[%emt 0:01:03]} 25. Bxe4 {[%emt 0:01:47]} Rxe4 {[%emt 0:01:03]} 26. Qd2 {[%emt 0:00:59]} Bf4 {[%emt 0:00:31]} 27. Qd3 {[%emt 0:01:11]} Rce8 {[%emt 0:00:53]} 28. Re2 {[%emt 0:01:31]} Rxe2 {[%emt 0:11:22]} 29. Nxe2 {[%emt 0:00:05]} Bf5 {[%emt 0:00:32]} 30. Qb5 {[%emt 0:00:52]} Bd7 {[%emt 0:08:15]} 31. Qxd7 {[%emt 0:00:11]} Rxe2 {[%emt 0:00:05]} 32. Nd4 {[%emt 0:00:01]} Rxb2 {[%emt 0:01:50]} 33. Nf3 {[%emt 0:01:23]} Qg6 {[%emt 0:00:27]} 34. Nh4 {[%emt 0:00:30]} Qc2 {[%emt 0:01:02]} 35. Qc8+ {[%emt 0:00:31]} Kh7 {[%emt 0:00:07]} 36. Rf1 {[%emt 0:00:32]} Bxg3 {[%emt 0:00:57]} 37. Qf5+ {[%emt 0:00:02]} 0-1

[Event "WJCC U20 Open 2019"]
[Site "New Delhi"]
[Date "2019.10.17"]
[Round "3.45"]
[White "Aravena Navarro, Alexis Andres"]
[Black "Cansun, Can Alp"]
[Result "0-1"]
[WhiteElo "2023"]
[BlackElo "2199"]
[Annotator "ChessBase"]
[PlyCount "74"]
[EventDate "2019.10.15"]
[EventType "swiss"]
[EventCountry "IND"]
[SourceTitle "playchess.com"]
[Source "ChessBase"]
[SourceQuality "1"]
[TimeControl "40/5400+30:1800+30"]

1. e4 c5 {[%emt 0:01:32]} 2. Nf3 {[%emt 0:00:00]} e6 {[%emt 0:00:16]} 3. d4 {[%emt 0:00:53]} cxd4 {[%emt 0:00:07]} 4. Nxd4 {[%emt 0:00:09]} Nc6 {[%emt 0:00:31]} 5. Nc3 {[%emt 0:00:14]} Qc7 {[%emt 0:00:32]} 6. Qd3 {[%emt 0:01:32]} a6 {[%emt 0:04:14]} 7. Nxc6 {[%emt 0:02:44]} dxc6 {[%emt 0:00:11]} 8. Qg3 {[%emt 0:00:23]} Qxg3 {[%emt 0:01:52]} 9. hxg3 {[%emt 0:00:02]} e5 {[%emt 0:01:46]} 10. Na4 {[%emt 0:08:18]} Be6 {[%emt 0:03:34]} 11. Be3 {[%emt 0:01:06]} Nf6 {[%emt 0:00:26]} 12. f3 {[%emt 0:00:31]} Nd7 {[%emt 0:02:29]} 13. O-O-O {[%emt 0:03:47]} Be7 {[%emt 0:03:18]} 14. g4 {[%emt 0:10:21]} O-O-O {[%emt 0:07:53]} 15. b3 {[%emt 0:25:23]} b5 {[%emt 0:08:33]} 16. Nb2 {[%emt 0:00:41]} h6 {[%emt 0:06:07]} 17. c4 {[%emt 0:04:52]} Kb7 {[%emt 0:14:20]} 18. Rh5 {[%emt 0:00:37]} f6 {[%emt 0:01:22]} 19. Be2 {[%emt 0:02:43]} Ba3 {[%emt 0:15:45]} 20. Kc2 {[%emt 0:03:58]} Nb6 {[%emt 0:04:51]} 21. c5 {[%emt 0:11:06]} Rxd1 {[%emt 0:02:59]} 22. Bxd1 {[%emt 0:00:31]} Nd7 {[%emt 0:00:56]} 23. Nd3 {[%emt 0:00:09]} a5 {[%emt 0:00:38]} 24. Kc3 {[%emt 0:08:00]} Rd8 {[%emt 0:03:51]} 25. Rh1 {[%emt 0:02:15]} Bf7 {[%emt 0:03:05]} 26. g3 {[%emt 0:00:54]} Re8 {[%emt 0:04:52]} 27. Rh2 {[%emt 0:00:55]} Nf8 {[%emt 0:01:15]} 28. Rd2 {[%emt 0:04:34]} Kc7 {[%emt 0:04:22]} 29. f4 {[%emt 0:02:01]} exf4 {[%emt 0:00:33]} 30. Bxf4+ {[%emt 0:00:05]} Kc8 {[%emt 0:01:07]} 31. Bd6 {[%emt 0:01:12]} Ne6 {[%emt 0:00:40]} 32. b4 {[%emt 0:01:40]} Ng5 {[%emt 0:00:10]} 33. Rc2 {[%emt 0:03:54]} axb4+ {[%emt 0:00:23]} 34. Nxb4 {[%emt 0:00:45]} Nxe4+ {[%emt 0:00:02]} 35. Kd4 {[%emt 0:00:12]} Bxb4 {[%emt 0:00:15]} 36. Bf3 {[%emt 0:00:24]} Nxd6 {[%emt 0:00:40]} 37. cxd6 {[%emt 0:00:10]} c5+ {[%emt 0:00:06]} 0-1

[Event "WJCC U20 Open 2019"]
[Site "New Delhi"]
[Date "2019.10.17"]
[Round "4.1"]
[White "Santos Ruiz, Miguel"]
[Black "Shtembuliak, Evgeny"]
[Result "1/2-1/2"]
[WhiteElo "2560"]
[BlackElo "2577"]
[Annotator "ChessBase"]
[PlyCount "62"]
[EventDate "2019.10.15"]
[EventType "swiss"]
[EventCountry "IND"]
[SourceTitle "playchess.com"]
[Source "ChessBase"]
[SourceQuality "1"]
[TimeControl "40/5400+30:1800+30"]

1. d4 {[%emt 0:00:00]} g6 {[%emt 0:00:00]} 2. e4 {[%emt 0:00:00]} Bg7 {[%emt 0:00:00]} 3. Nc3 {[%emt 0:00:00]} d6 {[%emt 0:00:00]} 4. Be3 {[%emt 0:00:00]} a6 {[%emt 0:00:00]} 5. a4 {[%emt 0:00:00]} Nf6 {[%emt 0:04:38]} 6. f3 {[%emt 0:00:39]} Nc6 {[%emt 0:04:02]} 7. Nge2 {[%emt 0:03:08]} e5 {[%emt 0:03:33]} 8. dxe5 {[%emt 0:04:13]} dxe5 {[%emt 0:09:25]} 9. Qxd8+ {[%emt 0:00:53]} Nxd8 {[%emt 0:00:06]} 10. Nc1 {[%emt 0:05:26]} Be6 {[%emt 0:05:40]} 11. Nd3 {[%emt 0:05:08]} Nd7 {[%emt 0:00:21]} 12. Nb4 {[%emt 0:09:16]} Rc8 {[%emt 0:15:28]} 13. O-O-O {[%emt 0:10:35]} f5 {[%emt 0:21:41]} 14. exf5 {[%emt 0:08:31]} gxf5 {[%emt 0:00:51]} 15. Be2 {[%emt 0:06:44]} h5 {[%emt 0:01:25]} 16. g3 {[%emt 0:02:34]} Bf8 {[%emt 0:16:38]} 17. Nd3 {[%emt 0:04:52]} Nc6 {[%emt 0:01:22]} 18. f4 {[%emt 0:00:09]} e4 {[%emt 0:00:40]} 19. Nf2 {[%emt 0:00:04]} Nf6 {[%emt 0:04:19]} 20. Nh3 {[%emt 0:05:12]} Ng4 {[%emt 0:01:13]} 21. Bg1 {[%emt 0:02:48]} Rh6 {[%emt 0:02:46]} 22. Ng5 {[%emt 0:03:15]} Bg8 {[%emt 0:00:05]} 23. Nd5 {[%emt 0:01:45]} Nb4 {[%emt 0:03:50]} 24. Nxb4 {[%emt 0:05:35]} Bxb4 {[%emt 0:00:01]} 25. h3 {[%emt 0:00:08]} Nf6 {[%emt 0:00:04]} 26. Bd4 {[%emt 0:00:31]} Be7 {[%emt 0:01:36]} 27. g4 {[%emt 0:08:33]} hxg4 {[%emt 0:00:45]} 28. hxg4 {[%emt 0:00:03]} Rxh1 {[%emt 0:00:18]} 29. Rxh1 {[%emt 0:00:03]} Nxg4 {[%emt 0:00:20]} 30. Rh8 {[%emt 0:02:05]} Kd7 {[%emt 0:00:06]} 31. Nxe4 {[%emt 0:00:13]} Bd5 {[%emt 0:01:17]} 1/2-1/2

[Event "WJCC U20 Open 2019"]
[Site "New Delhi"]
[Date "2019.10.17"]
[Round "4.2"]
[White "Khanin, Semen"]
[Black "Karthikeyan, Murali"]
[Result "1/2-1/2"]
[WhiteElo "2507"]
[BlackElo "2617"]
[Annotator "TA"]
[PlyCount "70"]
[EventDate "2019.10.15"]
[EventType "swiss"]
[EventCountry "IND"]
[SourceTitle "playchess.com"]
[Source "ChessBase"]
[SourceQuality "1"]

{[%evp 28,70,38,35,64,64,59,44,52,50,52,45,53,55,61,64,67,72,70,70,70,74,75,73,77,55,46,8,8,11,18,18,18,18,18,16,18,8,8,8,8,8,8,8,8]} 1. e4 c5 2. Nf3 Nc6 3. d4 cxd4 4. Nxd4 e6 5. Nc3 Nf6 6. Ndb5 d6 7. Bf4 e5 8. Bg5 a6 9. Na3 b5 10. Bxf6 gxf6 11. Nd5 Bg7 12. c3 f5 13. exf5 Bxf5 14. Nc2 Be6 15. g3 Bxd5 {B33: Sicilian: Pelikan and Sveshnikov Variations} (15... O-O 16. Bg2 a5 17. O-O Rb8 18. Qd2 Qd7 19. Rad1 Kh8 20. Rfe1 f5 21. Nf4 exf4 22. Bxc6 Qxc6 23. Nd4 Qd5 24. Nxe6 Qxd2 25. Rxd2 Rfe8 26. gxf4 {½-½ (35) Mamedov,N (2588)-Zhigalko,S (2653) Izmir 2016}) 16. Qxd5 Ne7 17. Qd2 (17. Qb7 {is interesting.} Qb8 18. Qxb8+ Rxb8 19. Nb4 Rb6 20. Nxa6 Rxa6 21. Bxb5+ Rc6 22. Bxc6+ Nxc6 23. O-O-O) 17... O-O {White is slightly better.} 18. Bg2 d5 19. O-O $146 ({Predecessor:} 19. Nb4 e4 20. O-O-O Qb6 21. Kb1 Rfd8 22. Qg5 Qe6 23. Nc2 {1-0 (45) Aryutkin,Y (2334)-Petrov,S Russia 1996}) 19... e4 20. Ne3 b4 21. Rad1 bxc3 22. bxc3 {[%cal Re3d5]} Rc8 23. Nxd5 Qxd5 24. Qxd5 Nxd5 25. Rxd5 Rfe8 26. Ra5 Rxc3 27. Rxa6 Bd4 $1 {The position is equal.} 28. Ra5 Rc2 29. Rg5+ Kh8 {[#] Hoping for ...e3.} 30. Rg4 f5 31. Rf4 Rxa2 32. Bh3 Rd2 {White should prevent ...e3.} 33. Kh1 Rf8 34. Rxf5 Rxf5 35. Bxf5 Rxf2 {Accuracy: White = 79%, Black = 84%.} 1/2-1/2

[Event "WJCC U20 Open 2019"]
[Site "New Delhi"]
[Date "2019.10.17"]
[Round "4.3"]
[White "Sargsyan, Shant"]
[Black "Haria, Ravi"]
[Result "1/2-1/2"]
[WhiteElo "2580"]
[BlackElo "2463"]
[Annotator "ChessBase"]
[PlyCount "71"]
[EventDate "2019.10.15"]
[EventType "swiss"]
[EventCountry "IND"]
[SourceTitle "playchess.com"]
[Source "ChessBase"]
[SourceQuality "1"]
[TimeControl "40/5400+30:1800+30"]

1. d4 {[%emt 0:02:41]} e6 {[%emt 0:00:07]} 2. Nf3 {[%emt 0:00:41]} Nf6 {[%emt 0:00:08]} 3. c4 {[%emt 0:00:30]} d5 {[%emt 0:00:05]} 4. Nc3 {[%emt 0:00:30]} Bb4 {[%emt 0:00:14]} 5. Bg5 {[%emt 0:00:45]} h6 {[%emt 0:00:18]} 6. Bxf6 {[%emt 0:00:44]} Qxf6 {[%emt 0:00:07]} 7. e3 {[%emt 0:01:01]} O-O {[%emt 0:00:35]} 8. Qb3 {[%emt 0:00:45]} c5 {[%emt 0:01:21]} 9. cxd5 {[%emt 0:00:48]} exd5 {[%emt 0:00:42]} 10. dxc5 {[%emt 0:00:40]} Bxc3+ {[%emt 0:00:21]} 11. Qxc3 {[%emt 0:00:21]} Qxc3+ {[%emt 0:01:36]} 12. bxc3 {[%emt 0:00:01]} Nd7 {[%emt 0:02:46]} 13. Rd1 {[%emt 0:01:10]} Nxc5 {[%emt 0:01:31]} 14. Rxd5 {[%emt 0:00:19]} b6 {[%emt 0:00:22]} 15. Rd4 {[%emt 0:01:00]} Be6 {[%emt 0:06:23]} 16. c4 {[%emt 0:01:52]} Rac8 {[%emt 0:01:26]} 17. Be2 {[%emt 0:06:04]} Nb7 {[%emt 0:15:50]} 18. Nd2 {[%emt 0:18:11]} Na5 {[%emt 0:11:39]} 19. O-O {[%emt 0:01:16]} Rc7 {[%emt 0:02:55]} 20. f4 {[%emt 0:06:39]} Rfc8 {[%emt 0:13:10]} 21. Rd1 {[%emt 0:03:48]} g6 {[%emt 0:06:17]} 22. e4 {[%emt 0:02:10]} Kf8 {[%emt 0:16:53]} 23. Kf2 {[%emt 0:04:47]} Nc6 {[%emt 0:00:29]} 24. Rd6 {[%emt 0:01:27]} Na5 {[%emt 0:03:36]} 25. e5 {[%emt 0:18:59]} Nxc4 {[%emt 0:09:01]} 26. Nxc4 {[%emt 0:00:15]} Bxc4 {[%emt 0:00:04]} 27. Bg4 {[%emt 0:00:13]} Re8 {[%emt 0:00:42]} 28. Bd7 {[%emt 0:02:43]} Re7 {[%emt 0:01:07]} 29. a4 {[%emt 0:01:57]} Be6 {[%emt 0:01:02]} 30. Bc6 {[%emt 0:01:36]} Rc8 {[%emt 0:00:28]} 31. Rd8+ {[%emt 0:02:12]} Rxd8 {[%emt 0:00:25]} 32. Rxd8+ {[%emt 0:00:02]} Kg7 {[%emt 0:00:08]} 33. Ke3 {[%emt 0:02:17]} Rc7 {[%emt 0:00:19]} 34. Rd6 {[%emt 0:00:08]} Kf8 {[%emt 0:00:44]} 35. h3 {[%emt 0:02:44]} h5 {[%emt 0:00:08]} 36. Rd8+ {[%emt 0:01:54]} 1/2-1/2

[Event "WJCC U20 Open 2019"]
[Site "New Delhi"]
[Date "2019.10.17"]
[Round "4.4"]
[White "Praggnanandhaa R"]
[Black "Batsuren, Dambasuren"]
[Result "1-0"]
[WhiteElo "2567"]
[BlackElo "2454"]
[Annotator "ChessBase"]
[PlyCount "87"]
[EventDate "2019.10.15"]
[EventType "swiss"]
[EventCountry "IND"]
[SourceTitle "playchess.com"]
[Source "ChessBase"]
[SourceQuality "1"]
[TimeControl "40/5400+30:1800+30"]

1. e4 {[%emt 0:00:58]} e5 {[%emt 0:00:00]} 2. Nf3 {[%emt 0:01:06]} Nc6 {[%emt 0:00:00]} 3. Bb5 {[%emt 0:01:01]} a6 {[%emt 0:00:02]} 4. Ba4 {[%emt 0:00:04]} Nf6 {[%emt 0:00:10]} 5. d3 {[%emt 0:00:07]} d6 {[%emt 0:00:21]} 6. c4 {[%emt 0:00:32]} g6 {[%emt 0:02:20]} 7. Nc3 {[%emt 0:00:15]} Bg7 {[%emt 0:00:53]} 8. Nd5 {[%emt 0:00:34]} h6 {[%emt 0:02:03]} 9. Nb4 {[%emt 0:03:09]} Bd7 {[%emt 0:01:35]} 10. Nxc6 {[%emt 0:00:14]} bxc6 {[%emt 0:01:31]} 11. c5 {[%emt 0:01:51]} O-O {[%emt 0:04:27]} 12. O-O {[%emt 0:08:18]} Re8 {[%emt 0:02:11]} 13. Nd2 {[%emt 0:05:59]} d5 {[%emt 0:03:10]} 14. Qc2 {[%emt 0:05:09]} Re6 {[%emt 0:02:37]} 15. Nb3 {[%emt 0:04:19]} Kh7 {[%emt 0:03:44]} 16. Bd2 {[%emt 0:08:33]} Qe8 {[%emt 0:05:25]} 17. Rac1 {[%emt 0:01:39]} Rd8 {[%emt 0:04:09]} 18. Ba5 {[%emt 0:03:44]} Rc8 {[%emt 0:00:33]} 19. Rfe1 {[%emt 0:00:51]} Qe7 {[%emt 0:01:02]} 20. Qd2 {[%emt 0:06:57]} Qd8 {[%emt 0:01:29]} 21. Na1 {[%emt 0:01:57]} h5 {[%emt 0:06:06]} 22. Nc2 {[%emt 0:18:26]} Bh6 {[%emt 0:05:05]} 23. Qd1 {[%emt 0:00:13]} Bxc1 {[%emt 0:02:57]} 24. Qxc1 {[%emt 0:00:03]} Be8 {[%emt 0:01:13]} 25. Bc3 {[%emt 0:03:50]} Rb8 {[%emt 0:12:06]} 26. b4 {[%emt 0:02:18]} dxe4 {[%emt 0:13:29]} 27. dxe4 {[%emt 0:00:43]} Nd7 {[%emt 0:00:14]} 28. Bb3 {[%emt 0:04:37]} Re7 {[%emt 0:00:32]} 29. Qe3 {[%emt 0:07:59]} Nf6 {[%emt 0:06:53]} 30. h3 {[%emt 0:02:28]} Ng8 {[%emt 0:02:18]} 31. f4 {[%emt 0:00:12]} exf4 {[%emt 0:02:17]} 32. Qxf4 {[%emt 0:00:15]} a5 {[%emt 0:02:12]} 33. Nd4 {[%emt 0:02:02]} axb4 {[%emt 0:04:50]} 34. Bb2 {[%emt 0:01:01]} f6 {[%emt 0:01:44]} 35. Nf3 {[%emt 0:04:59]} Rg7 {[%emt 0:04:42]} 36. e5 {[%emt 0:00:40]} g5 {[%emt 0:00:51]} 37. Qc1 {[%emt 0:00:15]} g4 {[%emt 0:02:30]} 38. exf6 {[%emt 0:00:56]} gxf3 {[%emt 0:00:28]} 39. fxg7 {[%emt 0:00:11]} Bg6 {[%emt 0:00:23]} 40. Re6 {[%emt 0:01:03]} Qh4 {[%emt 0:00:56]} 41. Qe3 {[%emt 0:07:15]} Bf5 {[%emt 0:10:45]} 42. Qxf3 {[%emt 0:00:46]} Bxe6 {[%emt 0:00:17]} 43. Bc2+ {[%emt 0:00:18]} Kh6 {[%emt 0:00:09]} 44. Qe3+ {[%emt 0:00:04]} 1-0

[Event "WJCC U20 Open 2019"]
[Site "New Delhi"]
[Date "2019.10.17"]
[Round "4.5"]
[White "Iniyan, P."]
[Black "Agmanov, Zhandos"]
[Result "1/2-1/2"]
[WhiteElo "2509"]
[BlackElo "2403"]
[Annotator "ChessBase"]
[PlyCount "59"]
[EventDate "2019.10.15"]
[EventType "swiss"]
[EventCountry "IND"]
[SourceTitle "playchess.com"]
[Source "ChessBase"]
[SourceQuality "1"]
[TimeControl "40/5400+30:1800+30"]

1. d4 {[%emt 0:00:00]} Nf6 {[%emt 0:00:33]} 2. c4 {[%emt 0:00:00]} e6 {[%emt 0:00:43]} 3. Nc3 {[%emt 0:00:00]} Bb4 {[%emt 0:01:06]} 4. e3 {[%emt 0:00:16]} O-O {[%emt 0:01:11]} 5. Bd3 {[%emt 0:00:05]} d5 {[%emt 0:01:21]} 6. Nf3 {[%emt 0:00:07]} dxc4 {[%emt 0:01:07]} 7. Bxc4 {[%emt 0:00:07]} c5 {[%emt 0:00:09]} 8. O-O {[%emt 0:00:06]} Nc6 {[%emt 0:01:24]} 9. a3 {[%emt 0:00:20]} Ba5 {[%emt 0:00:23]} 10. h3 {[%emt 0:01:17]} h6 {[%emt 0:01:30]} 11. Qd3 {[%emt 0:01:40]} cxd4 {[%emt 0:00:39]} 12. exd4 {[%emt 0:00:13]} Bc7 {[%emt 0:00:21]} 13. Rd1 {[%emt 0:11:37]} b6 {[%emt 0:01:41]} 14. d5 {[%emt 0:10:05]} exd5 {[%emt 0:00:27]} 15. Nxd5 {[%emt 0:00:21]} Be6 {[%emt 0:00:51]} 16. Nxc7 {[%emt 0:02:20]} Bxc4 {[%emt 0:01:10]} 17. Qc2 {[%emt 0:00:06]} Qxc7 {[%emt 0:00:29]} 18. Qxc4 {[%emt 0:00:07]} Rac8 {[%emt 0:04:53]} 19. Qa4 {[%emt 0:23:46]} Na5 {[%emt 0:26:38]} 20. Bd2 {[%emt 0:08:32]} Qc4 {[%emt 0:03:36]} 21. Qxc4 {[%emt 0:06:23]} Nxc4 {[%emt 0:00:39]} 22. Bb4 {[%emt 0:01:42]} Rfe8 {[%emt 0:01:04]} 23. b3 {[%emt 0:00:20]} Ne5 {[%emt 0:02:00]} 24. Nxe5 {[%emt 0:01:09]} Rxe5 {[%emt 0:00:01]} 25. Rac1 {[%emt 0:00:17]} Rxc1 {[%emt 0:05:50]} 26. Rxc1 {[%emt 0:00:02]} Rb5 {[%emt 0:00:49]} 27. Rb1 {[%emt 0:05:36]} Ne4 {[%emt 0:08:51]} 28. Re1 {[%emt 0:04:48]} Nf6 {[%emt 0:02:23]} 29. Rb1 {[%emt 0:00:08]} Ne4 {[%emt 0:00:21]} 30. Re1 {[%emt 0:00:07]} 1/2-1/2